Zváranie dynamicky namáhaných, priestorovo orientovaných oceľových konštrukcií visutých dráh

Guardado en:
Detalles Bibliográficos
Autor principal: Jamrich, Michal (Autor)
Otros Autores: Kovačócy, Pavel (Orientador)
Formato: Manuscrito Libro
Lenguaje:eslovaco
Publicado: 2016
Materias:
Acceso en línea:http://is.stuba.sk/zp/portal_zp.pl?podrobnosti=132176
Etiquetas: Agregar Etiqueta
Sin Etiquetas, Sea el primero en etiquetar este registro!

MARC

LEADER 00000ntm a22000003a 4500
001 stuzp56179
003 SK-STU
005 20160719154927.1
007 ta
008 150427s2015----xo-----f-mn---000-0-slo-d
040 |a STU  |b slo 
041 0 |a slo 
100 1 |a Jamrich, Michal  |u 063000  |k Z4  |4 aut  |U MTF Materiálovotechnologická fakulta  |T MTF Ústav výrobných technológií  |X 9538  |U M3000  |Y 83  |7 A000009538 
242 0 1 |a Welding dynamically loaded spatially oriented steel structures Skytrain  |y eng 
245 1 0 |a Zváranie dynamicky namáhaných, priestorovo orientovaných oceľových konštrukcií visutých dráh 
260 |c 2016 
650 4 |a ochranný plyn  |2 slo 
650 4 |a WPS  |2 slo 
650 4 |a nelegovaná oceľ  |2 slo 
650 4 |a visutá dráha  |2 slo 
650 4 |a konštrukcia  |2 slo 
650 4 |a dynamické namáhanie  |2 slo 
650 4 |a uzatvorený profil  |2 slo 
650 4 |a zvarový spoj  |2 slo 
650 4 |a zváranie  |2 slo 
650 4 |a prídavný materiál  |2 slo 
650 4 |a únava  |2 slo 
650 4 |a lom  |2 slo 
650 4 |a rúra  |2 slo 
650 4 |a zvárací zdroj  |2 slo 
650 4 |a welding  |2 eng 
650 4 |a shielding gas  |2 eng 
650 4 |a the weld seam  |2 eng 
650 4 |a Skytrain  |2 eng 
650 4 |a WPS  |2 eng 
650 4 |a additional material  |2 eng 
650 4 |a alloy steel  |2 eng 
650 4 |a construction  |2 eng 
650 4 |a dynamic stress  |2 eng 
650 4 |a fatigue  |2 eng 
650 4 |a fatigue  |2 eng 
650 4 |a oven  |2 eng 
650 4 |a closed profile  |2 eng 
650 4 |a power source  |2 eng 
700 1 |a Kovačócy, Pavel  |u 063700  |k Z1  |4 ths  |U MTF Ústav výrobných technológií  |T MTF Katedra zvárania a zlievarenstva  |X 4171  |U M3700  |Y 842  |7 A000004171 
856 4 |u http://is.stuba.sk/zp/portal_zp.pl?podrobnosti=132176 
996 |c M* DP-12794  |l MMSKP  |s P  |a 0  |w stuzp56179_0001 
SQL |a stuzp56179  |b DDP  |c SLO  |d Zváranie dynamicky namáhaných, priestorovo orientovaných oceľových konštrukcií visutých dráh  |e 9538  |f Jamrich, Michal  |g 063000  |h 4171  |i Kovačócy, Pavel  |j 20160607  |k 1492  |l 06  |m http://is.stuba.sk/zp/portal_zp.pl?podrobnosti=132176  |n I-ZASM  |o 5.2.51. výrobné technológie